Southville International School and Colleges
Your cart is empty.
  • Cart
  • Lists
    Public lists Eva Luna New books Lux_list list_1
    Your lists Log in to create your own lists
  • Log in to your account
  • Your cookies
  • Search history
Southville International School and Colleges
  • Advanced search
  • Recent comments
  • Most popular
  • Libraries

Log in to your account

Log in with GOOGLE


If you do not have an external account, but do have a local account, you can still log in:

  1. Home
  2. MARC view: 1001 Escapes to experience before you die /
Normal view MARC view ISBD view

1001 Escapes to experience before you die / (Record no. 24238)

[ view plain ]
MARC details
000 -LEADER
fixed length control field 00588nam a2200205 a 4500
003 - CONTROL NUMBER IDENTIFIER
control field PILC
005 - DATE AND TIME OF LATEST TRANSACTION
control field 20160220093916.0
008 - FIXED-LENGTH DATA ELEMENTS--GENERAL INFORMATION
fixed length control field 101115s19uu xx 00 eng d
020 ## - INTERNATIONAL STANDARD BOOK NUMBER
International Standard Book Number 9781844036752
050 ## - LIBRARY OF CONGRESS CALL NUMBER
Classification number G 153.4
Item number .On58 2009
245 ## - TITLE STATEMENT
Title 1001 Escapes to experience before you die /
260 ## - PUBLICATION, DISTRIBUTION, ETC. (IMPRINT)
Place of publication, distribution, etc United Kingdom :
Name of publisher, distributor, etc Quintessence,
Date of publication, distribution, etc 2009.
300 ## - PHYSICAL DESCRIPTION
Extent 960 pages :
Other physical details color illustrations ;
Dimensions 24 cm.
500 ## - GENERAL NOTE
General note Includes index.
650 ## - SUBJECT ADDED ENTRY--TOPICAL TERM
Topical term or geographic name as entry element Travel- Guidebooks.
650 ## - SUBJECT ADDED ENTRY--TOPICAL TERM
Topical term or geographic name as entry element Travel-Planning.
700 ## - ADDED ENTRY--PERSONAL NAME
Personal name editor: Arnold, Harold.
942 ## - ADDED ENTRY ELEMENTS (KOHA)
Koha item type Books
Source of classification or shelving scheme Library of Congress Classification
Call number prefix Foreign
Holdings
Withdrawn status Lost status Source of classification or shelving scheme Damaged status Home library Current library Shelving location Date acquired Source of acquisition Cost, normal purchase price Total Checkouts Full call number Barcode Date last seen Copy number Price effective from Koha item type
    Library of Congress Classification   College Library College Library General Circulation Section 11/15/2010 Library Fund 1632.00   G 153.4 .On58 2009 C11659 05/15/2018 1 10/18/2013 Books

1001 Escapes to experience before you die /

APA

editor: Arnold H., . (2009). 1001 Escapes to experience before you die. United Kingdom: Quintessence.

Chicago

editor: Arnold Harold, . 2009. 1001 Escapes to experience before you die. United Kingdom: Quintessence.

Harvard

editor: Arnold H., . (2009). 1001 Escapes to experience before you die. United Kingdom: Quintessence.

MLA

editor: Arnold Harold, . 1001 Escapes to experience before you die. United Kingdom: Quintessence. 2009.

  • Place hold
  • Print
  • Cite
  • Add to your cart (remove)
  • Save record
    BIBTEX Dublin Core MARCXML MARC (non-Unicode/MARC-8) MARC (Unicode/UTF-8) MARC (Unicode/UTF-8, Standard) MODS (XML) RIS
  • More searches
    Search for this title in:
    Other Libraries (WorldCat) Other Databases (Google Scholar) Online Stores (Bookfinder.com) Open Library (openlibrary.org)

Exporting to Dublin Core...

SOUTHVILLE LIBRARY

Southville International School and Colleges Library

1281 Tropical Ave. Cor. Luxembourg St., BF Homes International, Las Pinas City

Tel. No. 8256374 / 252358 Loc. 117/146

Powered by Koha